City by picture 11 (Germany) - Statistics

General Stats
  • This quiz has been taken 102 times
  • The average score is 5 of 6
Answer Stats
Picture Answer % Correct
Berlin
100%
Cologne
94%
Munich
93%
Hamburg
91%
Dresden
71%
Stuttgart
40%
No matching quizzes found
Score Distribution
Percent of People with Each Score
Percentile by Number Answered
Your Score History
You have not taken this quiz